000 00512nam a2200205 a 4500
001 0000-8636
003 ELIB.Books
008 110520 1949
035 _a(ELIB.Books)0000-8782
082 _a30
_bBas
100 _aBasescu, Sophie
245 _aThe Word Bank
260 _bEmmaus: The Rodale Press
_c1949
650 _aDictionary
856 _nK.B.T.S Library
_uK.B.T.S Library ELIB.
942 _2ddc
_cBK
990 _a1
998 _cbat
_e2011-05-20
999 _c8636
_d8636